Jakie Piastowie i Piastówny nosili imiona? - Statystyki

Ogólne statystyki
  • Ten quiz został rozwiązany 339 razy
  • Średni wynik to 15 z 56
Statystyki odpowiedzi
Liczba osób: lata występowania Imię % Poprawnych
13 ok.930-1344 Mieszko
95%
45 967-1494 Bolesław
93%
19 1016-1528 Kazimierz
90%
20 1043-1494 Władysław
85%
20 ok. 1164-1639 Jan
67%
31 ok.1130-1614 Henryk
63%
37 1253-1642 Anna
55%
27 ok.1240-1524 Jadwiga
54%
8 IX w.-1339 Leszek
53%
22 ok. 1164-1503 Konrad
45%
2 1431-1664 Zygmunt
45%
5 1295-1654 Maria
42%
10 1220-1484 Przemysław
40%
15 ok.1293-po1671 Wacław
40%
10 IX w.-1339 Siemowit
37%
6 ok.1317-1663 Ludwik
35%
22 przed 1154-1653 Elżbieta
32%
4 X w.-1287 Siemomysł
32%
2 ok.1145-1306 Stefan
32%
6 ok.1345-1526 Janusz
28%
18 ok.1255-1608 Katarzyna
27%
2 1619-1679 August
26%
8 przed 1300-1664 Jerzy
25%
2 1000-1048 Otton
23%
8 ok.1378-1631 Barbara
19%
11 ok.1120-1660 Zofia
19%
2 1574-1617 Adam
18%
20 po 1088-1622 Agnieszka
18%
13 ok.1300-1531 Małgorzata
18%
5 1321-1497 Mikołaj
18%
5 przed 1298-1372 Kunegunda
17%
10 1446-1706 Fryderyk
15%
3 ok.1289-1583 Helena
15%
4 przed1430-po1642 Magdalena
13%
2 ok.970-1126 Świętosława
13%
3 ok.935-1291 Adelajda
12%
3 po 1130-1320 Judyta
11%
5 1116-po 1238 Rycheza
11%
4 ok.1025-1268 Gertruda
10%
3 1570-1632 Chrystian
9%
2 ok.1150-ok.1370 Albert
8%
2 1622-1629 Dorota
8%
8 ok.1160-1514 Salomea
8%
4 ok.1255-przed 1477 Bernard
7%
5 1245-ok.1362 Konstancja
7%
17 ok.1230-1447 Eufemia
6%
3 ok.1180-po1539 Ludmiła
6%
4 ok.1180-1324 Eufrozyna
5%
2 1284-1427 Trojden
5%
2 1414-1633 Rudolf
4%
2 ok.1290-1364 Beatrycze
3%
2 1614-1631 Ernest
3%
2 przed 1153-ok.1200 Wierzchosława
3%
2 przed 1160-po1311 Berta
2%
2 1550-1613 Joachim
2%
2 ok.1343-1431 Rupert
2%
Nie znaleziono quizów pasujących do podanych kryteriów
Rozkład punktacji
Procent ludzi z każdym wynikiem
Percentyl według liczby udzielonych odpowiedzi
Twoja historia wyników
Nie rozwiązałeś tego quizu